<?xml version="1.0" encoding="UTF-8"?>
<record
    xmlns:xsi="http://www.w3.org/2001/XMLSchema-instance"
    xsi:schemaLocation="http://www.loc.gov/MARC21/slim http://www.loc.gov/standards/marcxml/schema/MARC21slim.xsd"
    xmlns="http://www.loc.gov/MARC21/slim">

  <leader>02917nam a2200361 i 4500</leader>
  <controlfield tag="003">OSt</controlfield>
  <controlfield tag="005">20231121184013.0</controlfield>
  <controlfield tag="008">221201s2022    ck o   er     000 f spa d</controlfield>
  <datafield tag="020" ind1=" " ind2=" ">
    <subfield code="a">9786289529401</subfield>
  </datafield>
  <datafield tag="040" ind1=" " ind2=" ">
    <subfield code="c">CO-MqBPB</subfield>
  </datafield>
  <datafield tag="041" ind1="0" ind2=" ">
    <subfield code="a">spa</subfield>
  </datafield>
  <datafield tag="082" ind1=" " ind2=" ">
    <subfield code="b">VIVt</subfield>
    <subfield code="a">AT</subfield>
  </datafield>
  <datafield tag="100" ind1="1" ind2=" ">
    <subfield code="a">Vivas Ferreira, Carolina</subfield>
    <subfield code="d">1961-</subfield>
    <subfield code="e">autora</subfield>
    <subfield code="9">226300</subfield>
  </datafield>
  <datafield tag="245" ind1="1" ind2="0">
    <subfield code="a">Teatro y pa&#xED;s;</subfield>
    <subfield code="b">ocho obras /</subfield>
    <subfield code="c">Carolina Vivas Ferreira ; pr&#xF3;logo Sandro Romero Rey ; fotograf&#xED;as Umbral Teatro</subfield>
  </datafield>
  <datafield tag="250" ind1=" " ind2=" ">
    <subfield code="a">Edici&#xF3;n especial</subfield>
  </datafield>
  <datafield tag="264" ind1=" " ind2="1">
    <subfield code="a">Bogot&#xE1;, Colombia;</subfield>
    <subfield code="b">Fundaci&#xF3;n Teatro Musical Latinoamericano,</subfield>
    <subfield code="c">2022</subfield>
  </datafield>
  <datafield tag="300" ind1=" " ind2=" ">
    <subfield code="a">367 p&#xE1;ginas;</subfield>
    <subfield code="b">Fotograf&#xED;as en blanco y negro, Tapa R&#xFA;stica,</subfield>
    <subfield code="c">22 cm</subfield>
  </datafield>
  <datafield tag="336" ind1=" " ind2=" ">
    <subfield code="a">texto</subfield>
    <subfield code="b">txt</subfield>
    <subfield code="2">rdacontent</subfield>
  </datafield>
  <datafield tag="337" ind1=" " ind2=" ">
    <subfield code="a">sin mediaci&#xF3;n</subfield>
    <subfield code="b">n</subfield>
    <subfield code="2">rdamedia</subfield>
  </datafield>
  <datafield tag="338" ind1=" " ind2=" ">
    <subfield code="a">volumen</subfield>
    <subfield code="b">nc</subfield>
    <subfield code="2">rdacarrier</subfield>
  </datafield>
  <datafield tag="490" ind1="0" ind2=" ">
    <subfield code="a">Plan Nacional de Lectura y Escritura Leer es mi Cuento / Ministerio de Cultura</subfield>
  </datafield>
  <datafield tag="490" ind1="0" ind2=" ">
    <subfield code="a">Teatro Colombiano</subfield>
  </datafield>
  <datafield tag="500" ind1=" " ind2=" ">
    <subfield code="a">La escritura de Carolina no es una partitura r&#xED;gida sobre la cual se gu&#xED;an sus int&#xE9;rpretes, sino el inicio de un problema. Porque sus textos poseen inesperados laberintos literarios que, en efecto, no pueden resolverse al pie de la letra sobre la escena, sino que deben ser traducidos con los distintos lenguajes de la representaci&#xF3;n. 
Este libro es una trampa. Es un problema, en la medida en que el ejercicio de la imaginaci&#xF3;n debe multiplicarse hacia una realidad esc&#xE9;nica que ha tenido cuerpo y, de alguna manera, lo que el lector capture no sea precisamente lo que interpretaron actores, m&#xFA;sicos, artistas pl&#xE1;sticos o el director esc&#xE9;nico al recomponerlos sobre las tablas. Si miramos la estructura del presente Teatro y pa&#xED;s, nos encontramos ante delicioso rompecabezas y nos hacemos preguntas para multiplicar el juego y saborear mejor sus rutas inesperadas.
Carolina sabe construir sus edificios teatrales como quien arma una pel&#xED;cula de suspenso. Genera expectativas sobre lo desconocido y el espectador se involucra sin remedio, entra a la gruta de las tinieblas y se deja llevar porque adivina que, al otro lado, se encuentra el puerto secreto del placer. Ya lo ver&#xE1; el lector cuando llegue a sus l&#xED;neas.
Bienvenidos a Teatro y pa&#xED;s. En estas ocho obras, acompa&#xF1;adas de las sensibles reflexiones de sus int&#xE9;rpretes, se esconden las claves de una dramaturga que se ha convertido, a no dudarlo, en una der las protagonistas del quehacer teatral colombiano del nuevo milenio.</subfield>
  </datafield>
  <datafield tag="521" ind1=" " ind2=" ">
    <subfield code="a">Recomendado para p&#xFA;blico adulto</subfield>
  </datafield>
  <datafield tag="600" ind1="1" ind2=" ">
    <subfield code="a">Vivas Ferreira, Carolina</subfield>
    <subfield code="d">1961-</subfield>
    <subfield code="v">Colecciones de escritos</subfield>
    <subfield code="9">223653</subfield>
  </datafield>
  <datafield tag="650" ind1="1" ind2="7">
    <subfield code="a">Teatro colombiano</subfield>
    <subfield code="y">Siglo XX</subfield>
    <subfield code="2">LEMB</subfield>
    <subfield code="9">22551</subfield>
  </datafield>
  <datafield tag="650" ind1="1" ind2="7">
    <subfield code="a">Literatura colombiana</subfield>
    <subfield code="y">Siglo XX</subfield>
    <subfield code="2">LEMB</subfield>
    <subfield code="9">226301</subfield>
  </datafield>
  <datafield tag="650" ind1="1" ind2="7">
    <subfield code="a">Autores colombianos</subfield>
    <subfield code="y">Siglo XX</subfield>
    <subfield code="2">LEMB</subfield>
    <subfield code="9">226302</subfield>
  </datafield>
  <datafield tag="650" ind1="1" ind2="7">
    <subfield code="a">Violencia en el teatro</subfield>
    <subfield code="2">LEMB</subfield>
    <subfield code="9">223655</subfield>
  </datafield>
  <datafield tag="700" ind1="1" ind2=" ">
    <subfield code="a">Romero Rey, Sandro</subfield>
    <subfield code="e">prologuista</subfield>
    <subfield code="9">226303</subfield>
  </datafield>
  <datafield tag="710" ind1="2" ind2=" ">
    <subfield code="a">Umbral Teatro</subfield>
    <subfield code="e">fotograf&#xED;a</subfield>
    <subfield code="9">226304</subfield>
  </datafield>
  <datafield tag="942" ind1=" " ind2=" ">
    <subfield code="2">ddc</subfield>
    <subfield code="c">BKLIT</subfield>
  </datafield>
  <datafield tag="999" ind1=" " ind2=" ">
    <subfield code="c">15289</subfield>
    <subfield code="d">15289</subfield>
  </datafield>
  <datafield tag="952" ind1=" " ind2=" ">
    <subfield code="0">0</subfield>
    <subfield code="1">0</subfield>
    <subfield code="2">ddc</subfield>
    <subfield code="4">0</subfield>
    <subfield code="7">0</subfield>
    <subfield code="8">LA</subfield>
    <subfield code="a">BPMOS</subfield>
    <subfield code="b">BPMOS</subfield>
    <subfield code="c">FIC</subfield>
    <subfield code="d">2023-11-21</subfield>
    <subfield code="e">Dotaci&#xF3;n BNC 2023</subfield>
    <subfield code="i">NT</subfield>
    <subfield code="l">0</subfield>
    <subfield code="o">AT VIV1</subfield>
    <subfield code="p">MOS503487</subfield>
    <subfield code="r">2023-11-21</subfield>
    <subfield code="t">Ej. 1</subfield>
    <subfield code="w">2023-11-21</subfield>
    <subfield code="y">BKLIT</subfield>
    <subfield code="z">Quince d&#xED;as</subfield>
  </datafield>
  <datafield tag="952" ind1=" " ind2=" ">
    <subfield code="0">0</subfield>
    <subfield code="1">0</subfield>
    <subfield code="2">ddc</subfield>
    <subfield code="4">0</subfield>
    <subfield code="7">0</subfield>
    <subfield code="8">LA</subfield>
    <subfield code="a">MUS</subfield>
    <subfield code="b">MUS</subfield>
    <subfield code="c">FIC</subfield>
    <subfield code="d">2024-02-27</subfield>
    <subfield code="e">Dotaci&#xF3;n BNC 2023</subfield>
    <subfield code="i">NT</subfield>
    <subfield code="l">0</subfield>
    <subfield code="o">AT VIV1</subfield>
    <subfield code="p">MUS000369</subfield>
    <subfield code="r">2024-02-27</subfield>
    <subfield code="t">Ej.1</subfield>
    <subfield code="w">2024-02-27</subfield>
    <subfield code="y">BKLIT</subfield>
    <subfield code="z">Quince d&#xED;as</subfield>
  </datafield>
</record>
